Les chansons de Jacques Brel - Statistiques

Statistiques générales
  • Ce quiz a été pris 198 fois
  • Le résultat moyen est 10 sur 15
Statistiques - réponses
Réponse % Correct
Moi je t'offrirai des perles de pluie venues de pays où il ne pleut pas Ne me quitte pas
99%
Ils se tordent le cou pour mieux s'entendre rire jusqu'à ce que, tout à coup, l'accordéon expire Amsterdam
92%
Et quand vers minuit, passaient les notaires, qui sortaient de l'hôtel des "Trois Faisans", on leur montrait notre cul et nos bonnes manières en leur chantant... Les bourgeois
85%
J'irai pas à Paris, d'ailleurs j'ai horreur de tous les flonflons de la valse musette et de l'accordéon Vesoul
85%
Avec la mer du Nord pour dernier terrain vague, et des vagues de dunes pour arrêter les vagues Le plat pays
81%
Et puis il y a Frida, qui est belle comme un soleil, et qui m'aime pareil que moi j'aime Frida Ces gens-là
75%
Et s'ils tremblent un peu est-ce de voir vieillir la pendule d'argent qui ronronne au salon, qui dit oui qui dit non, qui dit : je vous attends Les vieux
75%
Alors, sans avoir rien que la force d'aimer, nous aurons dans nos mains, amis le monde entier Quand on n'a que l'amour
61%
Mais je jure que d'entendre cet adjudant de mes fesses, c'est des coups à vous faire des armées d'impuissants Au suivant
55%
Viens, il me reste trois sous on va aller se les boire chez la mère Françoise, viens il me reste trois sous et si c'est pas assez ben il me restera l'ardoise Jef
55%
Et, sur l'impériale, le coeur dans les étoiles, Il y avait mon grand-père, Il y avait ma grand-mère Bruxelles
53%
C'est le plus vieux tango du monde, celui que les têtes blondes ânonnent comme une ronde en apprenant leur latin Rosa
49%
Adieu l'Émile, je t'aimais bien adieu l'Émile, je t'aimais bien, tu sais, on a chanté les mêmes vins, on a chanté les mêmes filles, on a chanté les mêmes chagrins Le moribond
44%
Même si un jour à Knokke-le-Zoute, je deviens comme je le redoute, chanteur pour femmes finissantes La chanson de Jacky
39%
Ils parlent de la mort comme tu parles d'un fruit, ils regardent la mer comme tu regardes un puit Les Marquises
35%
Aucun quiz correspondant
Distribution des résultats
% des personnes avec chaque résultat
Percentile par nombre de réponses
Votre historique - résultats
Vous n’avez pas pris ce quiz